Modern governments.

Bibliographic Details
Main Author: Zink, Harold, 1901-1962
Format: Book
Language:English
Published: Princeton, N. J. : Van Nostrand, [1962]
Edition:2d ed.
Series:Van Nostrand political science series.
Subjects:

MARC

Tag First Indicator Second Indicator Subfields
LEADER 00000cam a2200000 4500
001 in00000065062
005 20151008051218.0
008 751125s1962 njua 00000 eng
010 |a  62006061  
035 |a (OCoLC)01852389 
035 |9 AAG6480AM 
040 |a DLC  |c TNH  |d OCL  |d TXA  |d UtOrBLW 
049 |a TXAM  |c [416060] 
050 0 0 |a JF51  |b .Z52 1962 
082 0 |a 342 
092 |a 342  |b Z78m 1962 
100 1 |a Zink, Harold,  |d 1901-1962. 
245 1 0 |a Modern governments. 
250 |a 2d ed. 
264 1 |a Princeton, N. J. :  |b Van Nostrand,  |c [1962] 
300 |a 804 pages :  |b illustrations ;  |c 24 cm. 
336 |a text  |b txt  |2 rdacontent 
337 |a unmediated  |b n  |2 rdamedia 
338 |a volume  |b nc  |2 rdacarrier 
490 1 |a Van Nostrand political science series 
650 0 |a Comparative government. 
830 0 |a Van Nostrand political science series. 
999 |a MARS 
999 f f |s d3ee35eb-9b65-33ac-aa77-70a17b3b0dbb  |i 5268aae0-f7aa-3c4a-9da1-d8e81d8fdd82  |t 0 
952 f f |p ric  |a Texas A&M University  |b Rellis Campus  |c Joint Library Facility  |d Remote Storage  |t 0  |e JF51 .Z52 1962  |h Library of Congress classification  |i unmediated -- volume  |m A14800786093 
998 f f |a JF51 .Z52 1962  |t 0  |l Remote Storage